000 00507nam a22001937a 4500
999 _c7582
_d7582
003 OSt
005 20211213113126.0
008 211213b ||||| |||| 00| 0 eng d
020 _a0415418291
040 _cDDC
082 _a929.7 GEN 2007
100 _aNeil, Smith; Peter,Williams
_915507
245 _aGentrification of the City.
260 _aNew York:
_bRoutledge;
_c2007.
300 _axiii,257p.:
_bill;
_c24cm.
504 _aIndex Included.
650 _aGentrification.
_915508
942 _2ddc
_cBOOK